Sports Quiz

Random Sports or World Quiz

World Series Champions Quiz Stats

 Plays Quiz not verified by Sporcle

Challenge
Share
Tweet
Embed
Score 0/12 Timer 10:00
0 Plays Today
Hint Answer % Correct
2009New York Yankees
97.6%
2013Boston Red Sox
95.1%
2007Boston Red Sox
95.1%
2004Boston Red Sox
95.1%
2012San Francisco Giants
87.8%
2010San Francisco Giants
87.8%
2008Philadelphia Phillies
85.4%
2003Florida Marlins
85.4%
2011St. Louis Cardinals
82.9%
2006St. Louis Cardinals
82.9%
2005Chicago White Sox
82.9%
2002Los Angeles Angels
73.2%

You're not logged in!

Compare scores with friends on all Sporcle quizzes.
OR
Log In

You Might Also Like...

Show Comments

Extras

Top Quizzes Today


Score Distribution

Your Account Isn't Verified!

In order to create a playlist on Sporcle, you need to verify the email address you used during registration. Go to your Sporcle Settings to finish the process.

Report this User

Report this user for behavior that violates our Community Guidelines.

Details: